| 000 | 00667nam a22002057a 4500 | ||
|---|---|---|---|
| 003 | NUST-PNEC | ||
| 005 | 20170116180741.0 | ||
| 008 | 141215b xxu||||| |||| 00| 0 eng d | ||
| 020 | _a817635046X | ||
| 020 | _a9781575213538 | ||
| 040 | _cPNEC | ||
| 082 | _a005.72 BEL | ||
| 100 |
_91125 _aBelesis, Peter |
||
| 245 |
_aDynamic HTML unleashed : _cPeter Belesis |
||
| 260 |
_aNew Delhi : _bTechmedia, _cc1998 |
||
| 300 |
_axxvii, 714 p. : _bill. ; _c 23 cm. |
||
| 650 | _xComputer, MIS | ||
| 856 | _uhttp://www.amazon.com/Dynamic-Html-Unleashed-Peter-Belesis/dp/1575213532/ref=sr_1_1?s=books&ie=UTF8&qid=1418634349&sr=1-1&keywords=9781575213538 | ||
| 942 |
_2ddc _cBK |
||
| 999 |
_c62186 _d62186 |
||